000 00800nam a2200181 i 4500
001 158953
003 ES-MaACL
005 20230906211405.0
008 950111s1882 sp |||| | spa d
040 _aAS
_bspa
100 1 _aMartínez de Anguiano, Pedro.
_977975
245 1 0 _aTratado de la cría, engorde y enfermedades del cerdo, lepra, triquina y su transmisión al hombre /
_cpor Pedro Martínez de Anguiano.
260 _aZaragoza :
_b[s.n.],
_c1882 (
_fEstablecimiento topográfico de Mariano Salas)
300 _a161 p. ;
_c21 cm.
650 0 4 _aCerdos-
_xCría y explotación.
_910899
650 4 _aCerdos-
_xEnfermedades.
_9159839
852 _aES-MaACL
_jT-680-F-3
_z-- Enc. hol., conservando la cub. original
_z-- An. ms.: ded. del autor a Gustavo Saenz Díez
_z-- Enc. en un vol. facticio
999 _c158953
_d158953